Logistická centra a doprava

Logistické centrá v systéme intermodálnej prepravy (IP). Úloha a podpora IP a ILC v Európe. Súčasnosť logistických centier. Trendy v logistických centrách.

Gespeichert in:
Bibliographische Detailangaben
1. Verfasser: Mojžíš, Vlastislav
Format: Buchkapitel
Sprache:Tschechisch
Schlagworte:
Tags: Tag hinzufügen
Keine Tags, Fügen Sie das erste Tag hinzu!

MARC

LEADER 00000naa a2200000 4500
001 r040315
005 20231003122944.5
041 0 |a cze 
044 |a CZ 
245 1 0 |a Logistická centra a doprava  |c Vlastislav Mojžíš 
520 |a Logistické centrá v systéme intermodálnej prepravy (IP). Úloha a podpora IP a ILC v Európe. Súčasnosť logistických centier. Trendy v logistických centrách. 
610 2 0 |a reťazce logistické 
610 2 0 |a drachma 
610 2 0 |a politika dopravná 
610 2 0 |a optimalizácia 
610 2 0 |a Európa 
100 1 |a Mojžíš, Vlastislav